Представление документа в формате MARC21

Поле Инд. ПП Название Значение
Тип записи a
Библиографический уровень b
001 Контрольный номер RU/IS/BASE/372859635
005 Дата корректировки 20240304114202.6
008 Кодируемые данные 20111025
084 a Индекс другой классификации/Индекс ББК 65.41; 65.42(2Рос)-803.4
100 1_ a Автор Пивоварова С. Г.
q Полное имя Пивоварова Светлана Григорьевна
245 10 a Заглавие Сговор в государственных закупках: подходы к анализу
504 a Библиография Лит.: с. 44 - 45. - Примеч.: с. 46
520 0_ a Аннотация Представлен обзор литературы по проблеме сговора в госзакупках. Рассматриваются модели возникновения сговора; рыночные факторы, способствующие возникновению стимулов к сговору среди поставщиков, участвующих в конкурсных процедурах государственных закупок; способы уменьшения стимулов к сговору путем составления плана закупок, выбора процедуры и метода раскрытия информации, соответствующих ситуации на рынке. Рассмотрены методы с данными, подтверждающими или опровергающими как факт сговора, так и его тип.
650 04 a Основная рубрика торговля
a Основная рубрика экономика
653 0_ a Ключевые слова аукционы
a Ключевые слова государственные закупки
a Ключевые слова государственный заказ
a Ключевые слова государственный контракт
a Ключевые слова государственный контроль
a Ключевые слова запрос котировок
a Ключевые слова конкурсные процедуры
a Ключевые слова контракт
a Ключевые слова модель аукциона
a Ключевые слова модель закупок
a Ключевые слова модель сговора
a Ключевые слова план закупок
a Ключевые слова поставщики
a Ключевые слова Россия
a Ключевые слова сговор поставщиков
a Ключевые слова стимулы к сговору
a Ключевые слова ценовой демпинг
a Ключевые слова ценовой сговор
773 18 t Заглавие источника Вопросы государственного и муниципального управления
d Дата издания источника 2009
g Прочая информация № 3. - С. 55 - 43
w Контрольный № источника RU/IS/BASE/309528796
901 t Тип документа b